000 00388cam a22001097a 4500
008 180718b1967 xxu||||| |||| 00| 0 eng d
082 _aN406x42 Un3
245 _aThe recruitment of people with higher educational qualifications into the police service
_cby Her Majesty's Stationery Office
260 _aLondon
_bThe author
_c1967
300 _a31p.
700 _aHer Majesty's Stationery Office
999 _c493938
_d493938